00630cam a22002291 4500001001300000003000400013005001700017008004100034010001700075035001800092040001800110042001200128050001600140100002100156245004500177260003100222300001800253500005000271650002200321740004000343999001700383sa 68018039 DLC20260227112708.0720720s1900 xx 000 0 ind  asa 68018039  a(OCoLC)361101 aDLCcOAUdDLC apremarc00aBP176b.S571 aSjaf, Mahjuddin.10aBuku perukunan lengkap bahasa Indonesia. aDjakarta,b"Artja"c[19--] a84 p.c20 cm. aCover title: Perukunan lengkap bh. Indonesia. 0aPillars of Islam.0 aPerukunan lengkap bahasa Indonesia. c88133d88133